Un harapo en el camino : caída, vida y redención de un alcohólico /
Enregistré dans:
| Auteur principal: | |
|---|---|
| Format: | Inconnue |
| Langue: | Spanish |
| Publié: |
San José, Costa Rica:
Antonio Lehman,
1970.
|
| Sujets: | |
| Tags: |
Ajouter un tag
Pas de tags, Soyez le premier à ajouter un tag!
|
MARC
| LEADER | 000000000a22000000004500 | ||
|---|---|---|---|
| 001 | 001376 | ||
| 008 | 170710s1970 cr |||||r|||| 00| 0aspa d | ||
| 041 | 0 | |a español | |
| 082 | |a 92 |b O-66-o | ||
| 100 | 1 | |a Oreamuno Quirós, Alfredo |d 1922-1976 | |
| 245 | 1 | 0 | |a Un harapo en el camino : |b caída, vida y redención de un alcohólico / |c Afredo Oreamuno Quirós |
| 260 | |a San José, Costa Rica: |b Antonio Lehman, |c 1970. | ||
| 300 | |a 130 páginas | ||
| 500 | |a Número de inscripción 9636 | ||
| 600 | 1 | 4 | |a OREAMUNO QUIROS, ALFREDO |d 1922-1976 |
| 942 | |2 ddc |c BK | ||
| 999 | |c 2385 |d 2385 | ||
